Stations de la ligne F du tramway de Bordeaux - Statistiques

Statistiques générales
  • Ce quiz a été pris 8 fois
  • Le résultat moyen est 25 sur 34
Statistiques - réponses
Hint Réponse % Correct
Aéroport
100%
C D SNCF Gare Saint-Jean
100%
A B Hôtel de Ville Bordeaux
100%
A C D E Porte de Bourgogne
100%
C D Saint-Michel
100%
C D Tauzia
100%
C D Belcier
86%
C D Carle Vernet
86%
C SNCF Gare de Bègles
86%
A Mériadeck
86%
Mérignac Soleil
86%
A Palais de Justice
86%
A Place du Palais
86%
A Sainte-Catherine
86%
C D Sainte-Croix
86%
C Terres Neuves
86%
Caroline Aigle
71%
Chemin Long
71%
A Hôpital Pellegrin
71%
A Hôtel de Police
71%
A Pierre Mendès France
71%
A Saint-Bruno - Hôtel de Région
71%
A Stade Chaban Delmas
71%
C Stade Musard
71%
Cadéra Issartier
57%
A Saint-Augustin
57%
A SNCF Fontaine d'Arlac
43%
A François Mitterrand
43%
A Gaviniès
43%
C La Belle Rose
43%
A Peychotte
43%
A Quatre Chemins
43%
A Alfred de Vigny
29%
C Calais - Centujean
29%
Aucun quiz correspondant
Distribution des résultats
% des personnes avec chaque résultat
Percentile par nombre de réponses
Votre historique - résultats
Vous n’avez pas pris ce quiz